Education gender stereotyping and development / (Record no. 142498)

MARC details
000 -LEADER
fixed length control field 00655nam a22001937a 4500
005 - DATE AND TIME OF LATEST TRANSACTION
control field 20170713114444.0
010 ## - LCCN (DPL NO)
LC control number ENG-119163
020 ## - INTERNATIONAL STANDARD BOOK NUMBER
International Standard Book Number 9788175417854
Terms of availability 160.00
035 ## - SYSTEM CONTROL NUMBER
System control number EN-102695
037 ## - SOURCE OF ACQUISITION
Source of stock number/acquisition DBAD/PUB
082 ## - DEWEY DECIMAL CLASSIFICATION NUMBER
Classification number 379.0082095414
100 ## - MAIN ENTRY--PERSONAL NAME
Personal name Dhandapatm,Asis Kumar
245 ## - TITLE STATEMENT
Title Education gender stereotyping and development /
Statement of responsibility, etc by Asis Kumar Danadapat
260 ## - PUBLICATION, DISTRIBUTION, ETC. (IMPRINT)
Place of publication, distribution, etc Delhi
Name of publisher, distributor, etc Shipra Publications
Date of publication, distribution, etc 2015
270 ## - ADDRESS
Address LG-18-19,Pankaj Central Market,I.P.Ext.Patparganj
City Delhi
Postal code 110092
300 ## - PHYSICAL DESCRIPTION
Extent vii,158p.
Dimensions 23cm(pbk)
500 ## - GENERAL NOTE
General note Includes bibliographical references and index
942 ## - ADDED ENTRY ELEMENTS (KOHA)
Source of classification or shelving scheme Dewey Decimal Classification
Item type English Books
Classification part 379.0082095414
Call number suffix DAN
Holdings
Withdrawn status Lost status Not for loan Collection code Home library Current library Date acquired Source of acquisition Cost, normal purchase price Full call number Barcode Copy number Cost, replacement price Koha item type
    Not For Loan Non-fiction D.B.Act.Division Bawana 13/07/2017 DBAD/PUB 160.00 379.0082095414 DAN EN-102695 1 160.00 English Books

© Delhi Public Library
Hit Counter
free hit counter